Μελέτη και σχεδίαση προγράμματος υποστήριξης της κοινωνικής επιχειρηματικότητας στην Αθήνα : διπλωματική εργασία
Η παρούσα διπλωματική εργασία περιλαμβάνει μελέτη και σχεδίαση προγράμματος για την υποστήριξη και προώθηση της κοινωνικής επιχειρηματικότητας στην Αθήνα. Στόχος του προγράμματος είναι να ενημερώσει τους ενδιαφερόμενους φορείς για την δράση των κοινωνικών επιχειρήσεων και να την αναδείξει ως μια βιώ...
Αποθηκεύτηκε σε:
| Κύριος συγγραφέας: | |
|---|---|
| Συγγραφή απο Οργανισμό/Αρχή: | |
| Μορφή: | Thesis Βιβλίο |
| Γλώσσα: | Greek |
| Δημοσίευση: |
2015.
|
| Θέματα: | |
| Διαθέσιμο Online: | http://hdl.handle.net/11610/9009 |
| Ετικέτες: |
Προσθήκη ετικέτας
Δεν υπάρχουν, Καταχωρήστε ετικέτα πρώτοι!
|
MARC
| LEADER | 00000cam a2200000 a 4500 | ||
|---|---|---|---|
| 001 | 1/109731 | ||
| 008 | 160125s2015####gr | ||| |||| ||gre|| | ||
| 040 | |a GR-MyUa |b gre |c GR-MyUa |e AACR2 | ||
| 041 | 0 | |a gre | |
| 082 | 7 | |a 658.408 |2 (23) | |
| 100 | 1 | |a Ανδρεάκου, Εύα. | |
| 245 | 1 | 0 | |a Μελέτη και σχεδίαση προγράμματος υποστήριξης της κοινωνικής επιχειρηματικότητας στην Αθήνα : |b διπλωματική εργασία / |c Ανδρεάκου Εύα ; επιβλέπων καθηγητής Θωμάς Σπύρου. |
| 260 | |c 2015. | ||
| 300 | |a 225 σ. ; |c 30 εκ. | ||
| 502 | |a Πτυχιακή εργασία - Πανεπιστήμιο Αιγαίου, Σύρος, 2015. | ||
| 504 | |a Βιβλιογραφία: σ. 185-194. | ||
| 506 | 0 | |a Διάθεση πλήρους κειμένου ελεύθερης πρόσβασης. | |
| 520 | 8 | |a Η παρούσα διπλωματική εργασία περιλαμβάνει μελέτη και σχεδίαση προγράμματος για την υποστήριξη και προώθηση της κοινωνικής επιχειρηματικότητας στην Αθήνα. Στόχος του προγράμματος είναι να ενημερώσει τους ενδιαφερόμενους φορείς για την δράση των κοινωνικών επιχειρήσεων και να την αναδείξει ως μια βιώσιμη λύση επιχειρηματικότητας, που εστιάζει στην επίλυση κοινωνικών προβλημάτων και δημιουργεί κοινωνική αξία. Ο στόχος του προγράμματος θα επιτευχθεί μέσα από ανάλυση του κοινωνικού, πολιτικού και οικονομικού πλαισίου δράσης και σχεδίαση στρατηγικού πλάνου που εστιάζει σε δράσεις ενημέρωσης και πληροφόρησης προς το επιλεγμένο απευθυνόμενο κοινό, τόσο στο σύνολό του όσο και σε διακριτές ομάδες αυτού. Μέσα από το πρόγραμμα προσδοκάται να δημιουργηθεί ένα οικοσύστημα ατόμων, φορέων και επιχειρήσεων που θα υποστηρίζουν και θα δραστηριοποιούνται στον τομέα της κοινωνικής επιχειρηματικότητας. Το πρόγραμμα υλοποιείται σε συνεργασία με την ΕΑΤΑ (Εταιρεία Ανάπτυξης και Τουριστικής Προβολής Αθηνών) του Δήμου Αθηναίων. | |
| 650 | 0 | |a Social entrepreneurship |z Greece |z Athens. | |
| 650 | 0 | |a Dissertations, Academic |z Greece. | |
| 700 | 1 | |a Σπύρου, Θωμάς, |e dgs | |
| 710 | 2 | |a Πανεπιστήμιο Αιγαίου. |b Σχολή Θετικών Επιστημών. |b Τμήμα Μηχανικών Σχεδίασης Προϊόντων και Συστημάτων. | |
| 852 | |a INST |b SYROS |c DIATR |e 20161102 |h 658.408 ΑΝΔ |p 005500012777 |q 005500012777 |t DIE |y 23 | ||
| 856 | |u http://hdl.handle.net/11610/9009 | ||
| 924 | |a Ανδρεάκου |b Εύα |y Σύρος |z 2015-10 | ||
| 970 | |a Κοντού |b Παρασκευή |z 25/01/2016 | ||